تربية الأولاد في الإسلام / (رقم التسجيلة. 22994)

تفاصيل مارك
000 -LEADER
fixed length control field 00597nam a22002057a 4500
005 - DATE AND TIME OF LATEST TRANSACTION
control field 20251108165235.0
008 - FIXED-LENGTH DATA ELEMENTS--GENERAL INFORMATION
fixed length control field 250721s1996 xx 000 0 ara d
020 ## - INTERNATIONAL STANDARD BOOK NUMBER
International Standard Book Number 9775146046
082 14 - DEWEY DECIMAL CLASSIFICATION NUMBER
Classification number 216.532/علو
100 1# - MAIN ENTRY--PERSONAL NAME
Personal name علوان، عبد الله ناصح
Relator term مؤلف
245 10 - TITLE STATEMENT
Title تربية الأولاد في الإسلام /
250 ## - EDITION STATEMENT
Edition statement ط30
264 1# - PRODUCTION, PUBLICATION, DISTRIBUTION, MANUFACTURE, AND COPYRIGHT NOTICE
Place of production, publication, distribution, manufacture القاهرة :
Name of producer, publisher, distributor, manufacturer دار السلام،
Date of production, publication, distribution, manufacture, or copyright notice 1996.
300 ## - PHYSICAL DESCRIPTION
Extent
650 17 - SUBJECT ADDED ENTRY--TOPICAL TERM
Topical term or geographic name as entry element تنشاه الاطفال
650 17 - SUBJECT ADDED ENTRY--TOPICAL TERM
Topical term or geographic name as entry element التربيه الاسلاميه
650 17 - SUBJECT ADDED ENTRY--TOPICAL TERM
Topical term or geographic name as entry element الاسلام
942 ## - ADDED ENTRY ELEMENTS (KOHA)
Source of classification or shelving scheme Dewey Decimal Classification
Koha item type كتب
المقتنيات
حالة السحب حالة الفقدان مصدر التصنيف حالة التلف غير قابل للإعارة المكتبة الرئيسية المكتبة الحالية موقع الرف تاريخ التزويد الرقم المتسلسل Total Checkouts رقم الإستدعاء الباركود تاريخ آخر ظهور تاريخ الفاتورة نوع المادة (كوها)
    Dewey Decimal Classification     مكتبة الياسمين للأطفال مكتبة الياسمين للأطفال الإعارة 15/04/2014 557971   216.532/علو PLD00299338 28/07/2025 15/04/2014 كتب
    Dewey Decimal Classification     مكتبة بدر الجديدة للأطفال مكتبة بدر الجديدة للأطفال الأطفال 13/10/2015 400944   216.532/علو PLD00355727 28/07/2025 13/10/2015 كتب
    Dewey Decimal Classification     مكتبة بدر الجديدة للأطفال مكتبة بدر الجديدة للأطفال الأطفال 13/10/2015 400945   216.532/علو PLD00355729 28/07/2025 13/10/2015 كتب
    Dewey Decimal Classification     مكتبة ومركز فرح مكتبة ومركز فرح الإعارة 28/07/2025 1287279   216.532/علو PLD00086622 28/07/2025 28/07/2025 كتب
    Dewey Decimal Classification     مكتبة ومركز فرح مكتبة ومركز فرح الإعارة 06/05/2009 1287280   216.532/علو PLD00086669 28/07/2025 06/05/2009 كتب
Implemented & Customized by: BBB with SCIT (Smart Chains for Information Technology)

Powered by Koha